Analýza uhlíkovej stopy spojenej s pokročilým riadením výmenníka tepla

Saved in:
Bibliographic Details
Main Author: Karaffová, Katarína (Author)
Other Authors: Oravec, Juraj (Thesis advisor)
Format: Manuscript Book
Language:Slovak
Published: 2021
Subjects:
Online Access:http://is.stuba.sk/zp/portal_zp.pl?podrobnosti=157484
Tags: Add Tag
No Tags, Be the first to tag this record!

MARC

LEADER 00000ntm a22000003a 4500
001 stuzp84558
003 SK-STU
005 20210605210718.5
007 ta
008 150427s2015----xo-----f-mn---000-0-slo-d
040 |a STU  |b slo 
041 0 |a slo 
100 1 |a Karaffová, Katarína  |u 047000  |4 aut  |U FCHPT Fakulta chemickej a potravinárskej technológie  |T FCHPT Ústav informatizácie, automatizácie a matematiky  |X 86970  |U C7000  |Y 105  |7 86970 
242 0 1 |a Analysis of carbon footprint generated by advanced control of heat exchanger  |y eng 
245 1 0 |a Analýza uhlíkovej stopy spojenej s pokročilým riadením výmenníka tepla 
260 |c 2021 
650 4 |a Výmenník tepla  |2 slo 
650 4 |a uhlíková stopa  |2 slo 
650 4 |a MPC  |2 slo 
650 4 |a PID  |2 slo 
650 4 |a kvantizovaný akčný zásah  |2 slo 
650 4 |a MPC  |2 eng 
650 4 |a Heat exchanger  |2 eng 
650 4 |a carbon footprint  |2 eng 
650 4 |a PID  |2 eng 
650 4 |a quantized control input  |2 eng 
700 1 |a Oravec, Juraj  |u 047220  |k Z1  |4 ths  |U FCHPT Ústav informatizácie, automatizácie a matematiky  |T FCHPT Oddelenie informatizácie a riadenia procesov  |X 26399  |U C7220  |Y 121  |7 A000026399 
856 4 |u http://is.stuba.sk/zp/portal_zp.pl?podrobnosti=157484